[Event "BAGDAD"]
[Site "SchemingMind.com"]
[Date "2021.09.27"]
[Round "-"]
[White "JAHI"]
[Black "ray winteringham"]
[Result "1-0"]
[WhiteCountry "INT"]
[BlackCountry "ENG"]
[WhiteElo "2003"]
[WhiteRD "66"]
[BlackElo "1416"]
[BlackRD "51"]
[GameID "715833"]

1. c3 e6 2. c4 b5 3. cxb5 a6 4. bxa6 d5 5. Nc3 Bxa6 6. g3 Bb7 7. Bg2 Nf6 8. d3 Bc5 9. h3 c6 10. Kf1 Qb6
11. Na4 Qa7 12. Nxc5 Qxc5 13. h4 Ng4 14. Nh3 h5 15. f3 Ne3+ 16. Bxe3 Qxe3 17. a3 O-O 18. Qc1 Qe5 19. f4 Qd6 20. b3 Nd7
21. Bf3 g6 22. Kg2 Rab8 23. b4 f6 24. Rd1 Rbe8 25. e3 c5 26. b5 Rc8 27. a4 Qb6 28. d4 cxd4 29. Qb1 f5 30. a5 Qc5
31. exd4 Qe7 32. a6 Ba8 33. b6 Rb8 34. b7 Nf6 35. bxa8=Q Rxa8 36. Qb7 Qxb7 37. axb7 Rab8 38. Rdb1 Nd7 39. Ng5 Rfe8 40. Nxe6 Rxe6
41. Bxd5 Kf7 42. Ra6
1-0

[Event "BAGDAD"]
[Site "SchemingMind.com"]
[Date "2021.09.27"]
[Round "-"]
[White "Daniel Dubé"]
[Black "JAHI"]
[Result "0-1"]
[WhiteCountry "CAN"]
[BlackCountry "INT"]
[WhiteElo "1604"]
[WhiteRD "57"]
[BlackElo "2023"]
[BlackRD "68"]
[GameID "715834"]

1. d4 d6 2. Nf3 g6 3. e4 Bg4 4. c3 Nd7 5. h3 Bxf3 6. Qxf3 Bg7 7. Bc4 e6 8. O-O Qe7 9. Bf4 h6 10. Nd2 h5
11. Qe2 Nh6 12. Qe3 Kf8 13. e5 Re8 14. Bd3 Kg8 15. Ne4 d5 16. Bg5 Qf8 17. Nf6+ Bxf6 18. exf6 Nf5 19. Qf4 Qd6 20. Qd2 Rh7
21. Rae1 Kh8 22. Bxf5 gxf5 23. Bf4 Qf8 24. Re3 Nxf6 25. Be5 Qh6 26. Rg3 h4 27. Re3 c6 28. f4 Rg8 29. Qc2 Rhg7 30. Rf2 Rd8
31. c4 Ne4 32. cxd5 f6 33. dxc6 Nxf2 34. c7 Rc8 35. Bd6 Ne4 36. Rxe4 fxe4 37. Qxe4 Rcxc7 38. Qxe6 Rc1+ 39. Kf2 Qg6 40. g4 Qd3
41. Qe8+ Rg8 42. Qh5+ Kg7 43. f5 Rf1+
0-1

[Event "BAGDAD"]
[Site "SchemingMind.com"]
[Date "2021.09.28"]
[Round "-"]
[White "Johnny Owens"]
[Black "JAHI"]
[Result "1-0"]
[WhiteCountry "USA"]
[BlackCountry "INT"]
[WhiteElo "2148"]
[WhiteRD "80"]
[BlackElo "2023"]
[BlackRD "68"]
[GameID "715835"]

1. Nf3 d6 2. b3 a6 3. d4 a5 4. Nc3 g6= 5. e4 Bg4 6. h3 Bxf3 7. Qxf3 Bg7 8. e5 c6 9. Bf4 Nd7 10. exd6 Bxd4
11. O-O-O Bg7 12. g4 a4 13. b4 e6 14. g5 h6 15. Ne4 hxg5 16. Bxg5 Bh6= 17. h4 Ngf6 18. Bxh6 Nxe4 19. Bf4 Nef6 20. Bg5 Kf8
21. h5 gxh5 22. Be2 a3 23. Rh4 e5 24. Qf5 Rb8 25. Rxh5 Rg8 26. Bc4 Qe8 27. Bh6+ Rg7 28. Bxg7+ Kxg7 29. Qg5+ Kf8 30. Rh8+ Ng8
31. Rxg8#
1-0

[Event "BAGDAD"]
[Site "SchemingMind.com"]
[Date "2021.09.28"]
[Round "-"]
[White "JAHI"]
[Black "Arnold Jones"]
[Result "1/2-1/2"]
[WhiteCountry "INT"]
[BlackCountry "ENG"]
[WhiteElo "1995"]
[WhiteRD "72"]
[BlackElo "1501"]
[BlackRD "56"]
[GameID "715836"]

1. c3 e6 2. c4 Nf6 3. Nc3 c5 4. d3 Nc6 5. Bg5 Be7 6. Bxf6 Bxf6 7. g3 d6 8. Bg2 Bxc3+ 9. bxc3 Qf6 10. Rc1 Bd7
11. Kf1 O-O-O 12. Nf3 e5 13. Kg1 Qe7 14. h3 f5 15. Nd2 g6 16. Rh2 g5 17. Qc2 h5 18. Kh1 g4 19. h4 f4 20. Rg1 Qh7
21. Qb1 Bf5 22. Be4=
1/2-1/2

[Event "BAGDAD"]
[Site "SchemingMind.com"]
[Date "2021.09.27"]
[Round "-"]
[White "Luisito"]
[Black "JAHI"]
[Result "1-0"]
[WhiteCountry "CUB"]
[BlackCountry "INT"]
[WhiteElo "2274"]
[WhiteRD "112"]
[BlackElo "2138"]
[BlackRD "64"]
[GameID "715837"]

1. d4 d6 2. c4 g6 3. Nc3 Bg7 4. e4 Kf8 5. Nf3 Bg4 6. Be3 Nd7 7. Qc2 Bxf3 8. gxf3 h6 9. O-O-O h5 10. f4 Nh6
11. f3 Kg8 12. f5 Nf8 13. fxg6 fxg6 14. Rg1 Qd7 15. Kb1 Rh7 16. Nd5 Kh8 17. c5 c6 18. Nf4 Qe8 19. cxd6 exd6 20. Bd3 Nf5
21. exf5 Qxe3 22. fxg6 Rh6 23. Nh3 d5 24. Ng5 Re8 25. Nf7+ Kg8 26. Nxh6+ Qxh6 27. Qa4 Qf4 28. Bc2 Qxh2 29. Rh1 Qb8 30. Rxh5 Re2
31. Qa3 a6 32. Rhh1 Qd8 33. f4 Qe7 34. Qh3 Re3 35. Qg4 Ne6 36. Rhe1 Nf8 37. Rg1 Ne6 38. f5 Nf8 39. Qf4 Re2 40. Rh1 Nd7
41. Qc7 Nf8 42. Qb8 Re3 43. f6 Qxf6 44. Qxb7 Re7 45. Qxa6 Qe6 46. Qa3 Qd7 47. Rdf1 Bxd4 48. Rh7 Bf6 49. Qf3 Qe6 50. Rxe7 Bxe7
51. a4 Bc5 52. g7 Ng6 53. a5 Be7 54. a6 Kxg7 55. a7 d4 56. a8=Q Bd6 57. Qc8 d3 58. Qxe6 dxc2+ 59. Kxc2 Bf4 60. Qxg6+ Kxg6
61. Qxf4 Kh5 62. Rg1 c5 63. Qg5#
1-0

[Event "BAGDAD"]
[Site "SchemingMind.com"]
[Date "2021.09.27"]
[Round "-"]
[White "Quotidienne1"]
[Black "JAHI"]
[Result "0-1"]
[WhiteCountry "SWE"]
[BlackCountry "INT"]
[WhiteElo "1580"]
[WhiteRD "71"]
[BlackElo "2048"]
[BlackRD "65"]
[GameID "715838"]

1. e4 d6 2. d4 g6 3. Nc3 Bg7 4. Be3 Kf8 5. Nf3 Bg4 6. h3 Bxf3 7. Qxf3 e6 8. O-O-O Nd7 9. Bc4 Qe7 10. Kb1 Re8
11. g4 Ngf6 12. e5 dxe5 13. Qxb7 exd4 14. Bxd4 Nb6
0-1

[Event "BAGDAD"]
[Site "SchemingMind.com"]
[Date "2021.09.28"]
[Round "-"]
[White "Kenny Elliott"]
[Black "Daniel Dubé"]
[Result "1-0"]
[WhiteCountry "USA"]
[BlackCountry "CAN"]
[WhiteElo "1551"]
[WhiteRD "71"]
[BlackElo "1580"]
[BlackRD "58"]
[GameID "715840"]

1. d4 Nf6 2. Nf3 e6 3. Nc3 d5 4. Bg5 c6 5. e3 Be7 6. Bxf6 Bxf6 7. Be2 O-O 8. O-O Nd7 9. a4 e5 10. Nxe5 Nxe5
11. dxe5 Bxe5 12. Ra3 Be6 13. b4 Qf6 14. Nb1 Bb2 15. Rb3 d4 16. Rxb2 d3 17. c3 dxe2 18. Qxe2 b6 19. Rd1 Rfd8 20. Rdd2 b5
21. axb5 Rxd2 22. Rxd2 cxb5 23. Qxb5 Qg6 24. Rd1 Bh3 25. g3 Qe4 26. Qd5 Qxd5 27. Rxd5 Be6 28. Rc5 Rd8 29. Kg2 h6 30. Na3 Rd1
31. Nb5 a6 32. Nd4 Bg4 33. Ra5 h5 34. Rxa6 h4 35. gxh4 Rc1 36. Ra8+ Kh7 37. h3 Bd7 38. Rd8 Ba4 39. Rb8 Rxc3 40. b5 g6
41. b6
1-0

[Event "BAGDAD"]
[Site "SchemingMind.com"]
[Date "2021.09.27"]
[Round "-"]
[White "Phillip Beckett"]
[Black "Daniel Dubé"]
[Result "0-1"]
[WhiteCountry "ENG"]
[BlackCountry "CAN"]
[WhiteElo "1439"]
[WhiteRD "56"]
[BlackElo "1589"]
[BlackRD "61"]
[GameID "715841"]

1. e4 c6 2. d4 d5 3. Nc3 dxe4 4. Nxe4 Bf5 5. Ng3 Bg6 6. Nf3 Nd7 7. Bd3 Ngf6 8. O-O e6 9. c3 Be7 10. Re1 O-O
11. Ne5 Bxd3 12. Qxd3 Nxe5 13. Rxe5 Bd6 14. Re1 h6 15. Ne4 Nxe4 16. Qxe4 Qc7 17. h3 Rae8 18. Be3 f5 19. Qc2 f4 20. Bd2 f3
21. Re3 fxg2 22. Rae1 Qf7 23. R3e2 Qh5 24. Kxg2 e5 25. dxe5 Bc7 26. Qd3 Rd8 27. Qc4+ Kh8 28. e6 Qf3+ 29. Kg1 Qxh3 30. f4 Rf5
31. Re3 Qg4+ 32. Kf2 Rxf4+
0-1

[Event "BAGDAD"]
[Site "SchemingMind.com"]
[Date "2021.09.27"]
[Round "-"]
[White "Daniel Dubé"]
[Black "Quotidienne1"]
[Result "1-0"]
[WhiteCountry "CAN"]
[BlackCountry "SWE"]
[WhiteElo "1580"]
[WhiteRD "58"]
[BlackElo "1580"]
[BlackRD "71"]
[GameID "715842"]

1. d4 d5 2. c4 c6 3. Nf3 e6 4. g3 Nf6 5. Bg2 Be7 6. O-O O-O 7. Qc2 Nbd7 8. Rd1 b6 9. Nc3 Ba6 10. Ne5 Nxe5
11. dxe5 Ng4 12. cxd5 exd5 13. h3 Nxe5 14. Qa4
1-0

[Event "BAGDAD"]
[Site "SchemingMind.com"]
[Date "2021.09.28"]
[Round "-"]
[White "Kenny Elliott"]
[Black "Johnny Owens"]
[Result "0-1"]
[WhiteCountry "USA"]
[BlackCountry "USA"]
[WhiteElo "1551"]
[WhiteRD "71"]
[BlackElo "2089"]
[BlackRD "80"]
[GameID "715843"]

1. d4 e6 2. e4 d5 3. exd5 exd5 4. c4 Nf6 5. Bg5 Bb4+ 6. Nd2 O-O 7. a3 Re8+ 8. Be2 Bxd2+ 9. Qxd2 dxc4 10. Nf3 Be6
11. Qb4 Nc6 12. Qxb7 Bd5 13. O-O-O Rxe2 14. Qb5 Rb8 15. Qc5 Rexb2 16. Bxf6 Qxf6 17. Rd2 Rb1+ 18. Kc2 Qg6+ 19. Kc3 R1b3#
0-1

[Event "BAGDAD"]
[Site "SchemingMind.com"]
[Date "2021.09.28"]
[Round "-"]
[White "Johnny Owens"]
[Black "grabapawn"]
[Result "1-0"]
[WhiteCountry "USA"]
[BlackCountry "USA"]
[WhiteElo "2148"]
[WhiteRD "80"]
[BlackElo "1515"]
[BlackRD "65"]
[GameID "715844"]

1. Nf3 f5 2. b3 e6 3. Bb2 Nf6 4. g3 Be7 5. Bg2 O-O 6. c4 Qe8 7. Nc3 d6 8. d4 Nc6 9. O-O Qg6 10. d5 Ne5
11. dxe6 Bxe6 12. Nb5 Rfc8 13. Bxe5 dxe5 14. Nxe5 Qh6 15. Bxb7 Rd8 16. Qc1 Qh5 17. Bf3 Qe8 18. Nxc7 Qf8 19. Nxe6 Qe8 20. c5 Rab8
21. Bc6 Qh5 22. Nf4 Qg5 23. Qc4+ Nd5 24. Bxd5+ Kf8 25. Ne6+
1-0

[Event "BAGDAD"]
[Site "SchemingMind.com"]
[Date "2021.09.27"]
[Round "-"]
[White "Phillip Beckett"]
[Black "Johnny Owens"]
[Result "0-1"]
[WhiteCountry "ENG"]
[BlackCountry "USA"]
[WhiteElo "1468"]
[WhiteRD "56"]
[BlackElo "2089"]
[BlackRD "80"]
[GameID "715845"]

1. e4 d5 2. exd5 Qxd5 3. Nc3 Qd6 4. Nf3 Nf6 5. d4 c6 6. Be2 Bg4 7. h3 Bxf3 8. Bxf3 Nbd7 9. O-O e6 10. Re1 Rd8
11. Bg5 Be7 12. Ne2 Qc7 13. c3 O-O 14. Ng3 Rfe8 15. Bxf6 Nxf6 16. Ne4 Nd7 17. Qc2 g6 18. Rad1 h5 19. Ng3 Kg7 20. Bxh5 gxh5
21. Nxh5+ Kh6 22. g4 Nf8 23. Re5 Ng6 24. Qd2+ Kh7 25. Ng3 Nxe5 26. Qc2+ Ng6 27. Nh5 e5
0-1

[Event "BAGDAD"]
[Site "SchemingMind.com"]
[Date "2021.09.28"]
[Round "-"]
[White "Johnny Owens"]
[Black "Daniel Dubé"]
[Result "1-0"]
[WhiteCountry "USA"]
[BlackCountry "CAN"]
[WhiteElo "2148"]
[WhiteRD "80"]
[BlackElo "1604"]
[BlackRD "57"]
[GameID "715846"]

1. Nf3 Nf6 2. b3 d6 3. Bb2 e5 4. e3 Be7 5. c4 c5 6. Be2 O-O 7. Nc3 Nc6 8. O-O h6 9. d4 exd4 10. exd4 cxd4
11. Nxd4 Bd7 12. Re1 Nxd4 13. Qxd4 Bc6 14. Bf3 Bxf3 15. gxf3 Nd7 16. Ne4 Bf6 17. Nxf6+ Nxf6 18. Kh1 Qd7 19. Rg1 Qf5 20. Qxf6 Qxf6
21. Bxf6
1-0

[Event "BAGDAD"]
[Site "SchemingMind.com"]
[Date "2021.09.28"]
[Round "-"]
[White "Arnold Jones"]
[Black "Johnny Owens"]
[Result "0-1"]
[WhiteCountry "ENG"]
[BlackCountry "USA"]
[WhiteElo "1477"]
[WhiteRD "64"]
[BlackElo "2089"]
[BlackRD "80"]
[GameID "715847"]

1. d4 e6 2. Nf3 Nf6 3. Bg5 c5 4. Nc3 cxd4 5. Bxf6 Qxf6 6. Qxd4 Nc6 7. Qxf6 gxf6 8. e3 Bb4 9. Be2 b6 10. O-O Bxc3
11. bxc3 Bb7 12. Bc4 Na5 13. Bb3 Rg8 14. Nh4 Rc8 15. Rad1 Rxc3 16. Rd2 Rg4 17. Rd4 Rxd4 18. exd4 Nxb3 19. cxb3 Rd3 20. Rc1 Rd2
21. a3 Rxd4 22. g3 Rd3 23. Rb1 Rc3 24. Ng2 d5 25. Ne3 d4 26. Nf1 Ke7 27. f4 Rc2 28. h4 Rg2+ 29. Kh1 Rb2+ 30. Kg1 Rxb1
0-1

[Event "BAGDAD"]
[Site "SchemingMind.com"]
[Date "2021.09.28"]
[Round "-"]
[White "Johnny Owens"]
[Black "Quotidienne1"]
[Result "1-0"]
[WhiteCountry "USA"]
[BlackCountry "SWE"]
[WhiteElo "2148"]
[WhiteRD "80"]
[BlackElo "1570"]
[BlackRD "76"]
[GameID "715848"]

1. Nf3 Nf6 2. b3 g6 3. Bb2 Bg7 4. g3 O-O 5. Bg2 d6 6. d4 a5 7. O-O a4 8. c4 axb3 9. axb3 Rxa1 10. Bxa1 c6
11. h3 d5 12. Nc3 h5 13. e3 Bf5 14. Bb2 Nbd7 15. Nh2
1-0

[Event "BAGDAD"]
[Site "SchemingMind.com"]
[Date "2021.09.28"]
[Round "-"]
[White "Arnold Jones"]
[Black "Kenny Elliott"]
[Result "0-1"]
[WhiteCountry "ENG"]
[BlackCountry "USA"]
[WhiteElo "1501"]
[WhiteRD "56"]
[BlackElo "1549"]
[BlackRD "66"]
[GameID "715850"]

1. d4 f5 2. Nf3 Nf6 3. c4 e6 4. Nc3 Bb4 5. e3 Bxc3+ 6. bxc3 O-O 7. d5 Ne4 8. Qc2 exd5 9. cxd5 d6 10. Nd4 c6
11. Bc4 c5 12. Ne6 Bxe6 13. f3 Qh4+ 14. Kf1 Ng3+ 15. hxg3 Qxh1+ 16. Kf2 Bd7 17. Bb2 Qh6 18. f4 b5 19. Be2 c4 20. a4 bxa4
21. Bxc4 Be8 22. Bd3 Nd7 23. Bxf5 Rxf5 24. Qxf5 Nf6 25. Ba3 Bg6 26. Qe6+ Bf7 27. Qe7 Nxd5 28. Qe4 Re8 29. Qxa4 Nxc3 30. Qxa7 Ne4+
31. Ke2 Nxg3+ 32. Kd2 Qe6 33. Re1 Qa2+ 34. Kd3 Qc4+ 35. Kd2 Ne4+ 36. Kd1 Bh5+
0-1

[Event "BAGDAD"]
[Site "SchemingMind.com"]
[Date "2021.09.28"]
[Round "-"]
[White "grabapawn"]
[Black "Arnold Jones"]
[Result "0-1"]
[WhiteCountry "USA"]
[BlackCountry "ENG"]
[WhiteElo "1526"]
[WhiteRD "61"]
[BlackElo "1501"]
[BlackRD "56"]
[GameID "715851"]

1. f4 c5 2. e3 e6 3. Nf3 Nc6 4. b3 d5 5. Bb2 d4 6. Bd3 f5 7. Na3 Qf6 8. Nb5 Qd8 9. exd4 Nxd4 10. Nfxd4 a6
11. Nf3 axb5 12. Bxb5+ Bd7 13. Bxd7+ Qxd7 14. Ne5 Qd5 15. Qh5+ Ke7 16. Qf7+ Kd8 17. Qxf8+ Kc7 18. Qxa8 Qxg2 19. Qa5+ b6 20. Qa7+ Qb7
21. Qa4 Nf6 22. Nf7 Qxh1+ 23. Kf2 Ng4+ 24. Ke2 Qxh2+ 25. Kd3 Qg3+ 26. Ke2 Qf2+ 27. Kd3 Qf3+ 28. Kc4 Qe2+ 29. Kc3 Rb8 30. Ne5 Nxe5
31. fxe5 Qxe5+ 32. Kd3 Rd8+
0-1

[Event "BAGDAD"]
[Site "SchemingMind.com"]
[Date "2021.09.28"]
[Round "-"]
[White "Arnold Jones"]
[Black "Phillip Beckett"]
[Result "1-0"]
[WhiteCountry "ENG"]
[BlackCountry "ENG"]
[WhiteElo "1501"]
[WhiteRD "56"]
[BlackElo "1493"]
[BlackRD "52"]
[GameID "715852"]

1. d4 d5 2. Nf3 Nf6 3. c4 e6 4. Nc3 Be7 5. Qc2 O-O 6. Bd2 c6 7. O-O-O Nbd7 8. e4 dxe4 9. Nxe4 Nxe4 10. Qxe4 Nf6
11. Qc2 b6 12. Ne5 Nd7 13. Nxc6 Qe8 14. g3 Bb7 15. Bg2 Bxc6 16. Bxc6 Rc8 17. Bb5 Qd8 18. f4 Nb8 19. Ba4 Bf6 20. Be3 Nc6
21. Qf2 Na5 22. Bb3 Nxb3+ 23. axb3 b5 24. c5 Qa5 25. Kc2 Rxc5+ 26. dxc5 Qa2 27. Bd4 Bxd4 28. Qxd4 Qa6 29. Ra1 Qc6 30. Rxa7 Qxh1
31. Rd7 Qxh2+ 32. Kc3 Qxg3+ 33. Kb4 Qe1+ 34. Kxb5 Qe2+ 35. Kb6 g6 36. Rd8 e5 37. Rxf8+ Kxf8 38. fxe5 Qf3 39. Qd8+ Kg7 40. Qf6+ Qxf6+
41. exf6+ Kxf6 42. c6
1-0

[Event "BAGDAD"]
[Site "SchemingMind.com"]
[Date "2021.09.28"]
[Round "-"]
[White "Daniel Dubé"]
[Black "Arnold Jones"]
[Result "1-0"]
[WhiteCountry "CAN"]
[BlackCountry "ENG"]
[WhiteElo "1580"]
[WhiteRD "58"]
[BlackElo "1477"]
[BlackRD "64"]
[GameID "715853"]

1. d4 f5 2. h3 d5 3. g4 fxg4 4. hxg4 Bxg4 5. Bh3 Nf6 6. Qd3 Nc6 7. Bxg4 Nxg4 8. Rxh7 Rg8 9. Qg6+ Kd7 10. Qxg4+ e6
11. Nc3 Nb4 12. Kd1 Qf6 13. a3 Nc6 14. Nf3 Qf5 15. Qxf5 exf5 16. Nxd5 Kd6 17. Nf4 g5 18. Nd3 f4 19. c4 Re8 20. c5+ Kd5
21. Rd7+ Ke4 22. d5 Na5 23. Nd2+ Kf5 24. b4 Bg7 25. Nf3 Bxa1 26. Rxc7 Nc4 27. Rxb7 Rh8 28. d6 Rh1+ 29. Kc2 Rxe2+ 30. Kb3 Re4
31. d7 Rh8 32. c6 a5 33. c7 a4+ 34. Kxa4 Ra8+ 35. Kb5 Nd6+ 36. Kb6 Re6 37. d8=Q Ne4+ 38. Kb5 Nc3+ 39. Kc4 Rc6+ 40. Kb3 Ne4
41. Qxa8 Bf6 42. Rb5+ Kg4 43. Qxc6 Kxf3 44. c8=Q
1-0

[Event "BAGDAD"]
[Site "SchemingMind.com"]
[Date "2021.09.28"]
[Round "-"]
[White "Quotidienne1"]
[Black "Arnold Jones"]
[Result "1-0"]
[WhiteCountry "SWE"]
[BlackCountry "ENG"]
[WhiteElo "2206"]
[WhiteRD "113"]
[BlackElo "1501"]
[BlackRD "56"]
[GameID "715854"]

1. e4 c5 2. Nf3 e6 3. d4 d5 4. exd5 Bd7 5. dxe6 fxe6 6. Bc4 b5 7. Be2 Qa5+ 8. c3 Nf6 9. O-O Nd5 10. Ne5 Be7
11. Bh5+ g6 12. Bg4 h5 13. Bh3 g5 14. Nxd7 g4 15. Ne5 gxh3 16. Qd3 hxg2 17. Re1 Rg8 18. Qh7 Nf6 19. Qf7+ Kd8 20. Qxe6 cxd4
21. Nf7+ Kc7 22. Bf4+ Kb7 23. Qxe7+ Nfd7 24. Nd6+ Ka6 25. a4 Kb6 26. Qe6 Nc6 27. Qxd7 bxa4 28. Qb7+ Kc5 29. Ne4+ Kc4 30. Na3+ Kd5
31. Qd7#
1-0

[Event "BAGDAD"]
[Site "SchemingMind.com"]
[Date "2021.09.28"]
[Round "-"]
[White "Kenny Elliott"]
[Black "Luisito"]
[Result "0-1"]
[WhiteCountry "USA"]
[BlackCountry "CUB"]
[WhiteElo "1556"]
[WhiteRD "71"]
[BlackElo "2242"]
[BlackRD "115"]
[GameID "715856"]

1. d4 d5 2. Nf3 Nf6 3. Nc3 c5 4. e3 Nc6 5. Bb5 e6 6. O-O Be7 7. Ne5 Qc7 8. Re1 O-O 9. Bxc6 bxc6 10. a4 Bd6
11. b3 Bxe5 12. dxe5 Qxe5 13. Bb2 a5 14. Qc1 Qc7 15. e4 d4 16. Nb1 e5 17. Nd2 Rd8 18. Nc4 Ba6 19. Nd2 Nd7 20. Nf3 c4
21. Ba3 c3 22. Qg5 c5 23. Nh4 Nf8 24. Nf5 Ne6 25. Qg3 Kh8 26. f3 Rab8 27. Rad1 f6 28. h4 d3 29. cxd3 Rxb3 30. Bc1 c2
31. Rd2 Bxd3 32. h5 h6 33. Qg6 Nf4 34. Qg4 Rb1 35. g3 Ne2+ 36. Rdxe2 Bxe2 37. Rxe2 Rxc1+ 38. Kg2 Rdd1 39. Kf2 Rf1+ 40. Kg2 Rg1+
41. Kh2 Rh1+ 42. Kg2 Rcg1+ 43. Kf2 c1=Q
0-1

[Event "BAGDAD"]
[Site "SchemingMind.com"]
[Date "2021.09.27"]
[Round "-"]
[White "Luisito"]
[Black "grabapawn"]
[Result "1-0"]
[WhiteCountry "CUB"]
[BlackCountry "USA"]
[WhiteElo "2118"]
[WhiteRD "146"]
[BlackElo "1526"]
[BlackRD "61"]
[GameID "715857"]

1. d4 f5 2. Nf3 d6 3. c4 Bd7 4. Nc3 e6 5. e4 Nf6 6. Bd3 Be7 7. exf5 exf5 8. Qc2 g6 9. O-O Nc6 10. a3 O-O
11. Re1 Ng4 12. Nd5 Bf6 13. h3 Nge5 14. dxe5 dxe5 15. Nxf6+ Qxf6 16. c5 e4 17. Bc4+ Be6 18. Bg5 Qf7 19. Bxe6 Qxe6 20. Bh6 Rf7
21. Ng5
1-0

[Event "BAGDAD"]
[Site "SchemingMind.com"]
[Date "2021.09.27"]
[Round "-"]
[White "Phillip Beckett"]
[Black "Luisito"]
[Result "0-1"]
[WhiteCountry "ENG"]
[BlackCountry "CUB"]
[WhiteElo "1439"]
[WhiteRD "56"]
[BlackElo "2242"]
[BlackRD "115"]
[GameID "715858"]

1. e4 e5 2. Nf3 Nc6 3. Bb5 a6 4. Ba4 Nf6 5. O-O b5 6. Bb3 Bb7 7. Re1 Bc5 8. c3 Bb6 9. d3 h6 10. Nbd2 O-O
11. Nf1 Re8 12. Be3 d5 13. exd5 Nxd5 14. Bxd5 Qxd5 15. Bxb6 cxb6 16. Ne3 Qe6 17. Qb3 Qg6 18. Nh4 Qf6 19. Nf3 Rad8 20. Rad1 Na5
21. Qc2 Bxf3 22. gxf3 Qxf3 23. Qe2 Qh3 24. Qg4 Qxg4+ 25. Nxg4 Nc6 26. Re3 h5 27. Nxe5 Rxe5 28. Rxe5 Nxe5 29. d4 g5 30. Kf1 Ng6
31. Re1 Kg7 32. Kg2 Nf4+ 33. Kf3 Kf6 34. Re5 Nd3 35. Re2 Kf5 36. Rd2 Nf4 37. d5 g4+ 38. Kg3 h4+ 39. Kxh4 Rh8+ 40. Kg3 Rh3#
0-1

[Event "BAGDAD"]
[Site "SchemingMind.com"]
[Date "2021.09.27"]
[Round "-"]
[White "ray winteringham"]
[Black "Luisito"]
[Result "0-1"]
[WhiteCountry "ENG"]
[BlackCountry "CUB"]
[WhiteElo "1451"]
[WhiteRD "49"]
[BlackElo "2118"]
[BlackRD "146"]
[GameID "715859"]

1. e4 e5 2. Bc4 Nf6 3. d3 Bc5 4. Nf3 d6 5. h3 c6 6. Nc3 a5 7. Bxf7+ Kxf7 8. Ng5+ Kg8 9. O-O h6 10. Nf3 Kh7
11. Ne2 Bb6 12. g4 Rf8 13. g5 Nxe4 14. Nh4 Nxf2 15. Rxf2 Bxf2+ 16. Kh1 Bxh4 17. Ng1 Be6 18. Qh5 Bd5+
0-1

[Event "BAGDAD"]
[Site "SchemingMind.com"]
[Date "2021.09.27"]
[Round "-"]
[White "Luisito"]
[Black "Daniel Dubé"]
[Result "1-0"]
[WhiteCountry "CUB"]
[BlackCountry "CAN"]
[WhiteElo "2242"]
[WhiteRD "115"]
[BlackElo "1589"]
[BlackRD "61"]
[GameID "715860"]

1. d4 Nf6 2. c4 e6 3. Nc3 Bb4 4. g3 c5 5. Nf3 cxd4 6. Nxd4 Nc6 7. Bg2 O-O 8. O-O Bxc3 9. bxc3 Ne5 10. c5 d5
11. cxd6 Qxd6 12. Bf4 Nd5 13. Nb5 Qb8 14. Bxd5 a6 15. Qd4 axb5 16. Bxe5 Qa7 17. Qg4 f6 18. Bxe6+ Bxe6 19. Qxe6+ Kh8 20. Bd4 Qb8
21. Rfb1 Re8 22. Qg4 Ra4 23. Rxb5 Qa8 24. Rab1 Rxa2 25. Rxb7 Rg8 26. Rxg7 Rxg7 27. Bxf6
1-0

[Event "BAGDAD"]
[Site "SchemingMind.com"]
[Date "2021.09.27"]
[Round "-"]
[White "Luisito"]
[Black "Johnny Owens"]
[Result "1/2-1/2"]
[WhiteCountry "CUB"]
[BlackCountry "USA"]
[WhiteElo "2242"]
[WhiteRD "116"]
[BlackElo "2178"]
[BlackRD "83"]
[GameID "715861"]

1. e4 e6 2. d4 d5 3. Nc3 dxe4 4. Nxe4 Nd7 5. Nf3 Ngf6 6. Nxf6+ Nxf6 7. c3 c5 8. Be3 Qc7 9. Ne5 a6 10. Qa4+ Bd7
11. Nxd7 Nxd7 12. Be2 Bd6 13. dxc5 Bxc5 14. Bg5 h6 15. Bh4 O-O 16. Rd1 b5 17. Qe4 Rae8 18. Bg3 e5 19. Bf3 Nb6 20. Qb7 Qxb7
21. Bxb7 f5 22. b4 Be7 23. f3 Rb8 24. Bxa6 f4 25. Bf2 Na4 26. Rd7 Rf7 27. Kd2 Bxb4 28. Rxf7 Bxc3+ 29. Kc2 Kxf7 30. Rb1 Rd8=
1/2-1/2

[Event "BAGDAD"]
[Site "SchemingMind.com"]
[Date "2021.09.28"]
[Round "-"]
[White "Arnold Jones"]
[Black "Luisito"]
[Result "0-1"]
[WhiteCountry "ENG"]
[BlackCountry "CUB"]
[WhiteElo "1501"]
[WhiteRD "56"]
[BlackElo "2118"]
[BlackRD "146"]
[GameID "715862"]

1. d4 d5 2. Nf3 Nf6 3. c4 c6 4. Nc3 dxc4 5. e4 b5 6. b4 a5 7. Ba3 e5 8. Nxe5 axb4 9. Bxb4 Bxb4 10. Nxf7 Kxf7
11. Qf3 Qxd4 12. Be2 Qxc3+ 13. Kf1 Qxa1+ 14. Bd1 Rd8 15. Ke2 Rd2+ 16. Ke3 Qd4+ 17. Kf4 Bd6+ 18. Kg5 h6+
0-1

[Event "BAGDAD"]
[Site "SchemingMind.com"]
[Date "2021.09.27"]
[Round "-"]
[White "Luisito"]
[Black "Quotidienne1"]
[Result "1-0"]
[WhiteCountry "CUB"]
[BlackCountry "SWE"]
[WhiteElo "2251"]
[WhiteRD "109"]
[BlackElo "1580"]
[BlackRD "71"]
[GameID "715863"]

1. e4 e5 2. Nf3 Nc6 3. Bb5 a6 4. Ba4 Nf6 5. O-O b5 6. Bb3 Bc5 7. a4 Rb8 8. c3 d6 9. d4 Bb6 10. Na3 Bg4
11. axb5 axb5 12. Nxb5 O-O 13. d5 Ne7 14. Bc2 Qe8 15. c4 Nxe4 16. Bxe4 f5 17. Bc2 e4 18. Be3 exf3 19. Re1 fxg2 20. f3 Bxe3+
21. Rxe3 f4 22. Re1
1-0

[Event "BAGDAD"]
[Site "SchemingMind.com"]
[Date "2021.09.27"]
[Round "-"]
[White "Phillip Beckett"]
[Black "Quotidienne1"]
[Result "0-1"]
[WhiteCountry "ENG"]
[BlackCountry "SWE"]
[WhiteElo "1493"]
[WhiteRD "52"]
[BlackElo "2206"]
[BlackRD "113"]
[GameID "715865"]

1. e4 e5 2. Nf3 Nc6 3. Bb5 a6 4. Bxc6 dxc6 5. d4 exd4 6. Qxd4 Qxd4 7. Nxd4 Bd7 8. Be3 O-O-O 9. Nd2 c5 10. N4b3 b6
11. O-O-O Re8 12. f3 f5 13. Bf4 a5 14. exf5 a4 15. Na1 Ne7 16. Rhe1 Nxf5 17. Rxe8+ Bxe8 18. Ne4 Be7 19. g4 Nd4 20. Rf1 Ne2+
21. Kd1 Nxf4 22. h4 Bb5 23. Rf2 Rd8+ 24. Ke1 Bxh4
0-1